| 000 | 00651nam a22001457a 4500 | ||
|---|---|---|---|
| 040 | _cMCS (NUST) | ||
| 082 | _a005.8,SID | ||
| 100 |
_aSiddiquie, Khushboo _935379 |
||
| 245 |
_aSecurity Model for Andriod Smartphone Dual Persona / _cKhushboo Siddiquie |
||
| 260 |
_aRawalpindi _bMCS (NUST) _cDec 2017 |
||
| 300 | _axv, 111 p., | ||
| 505 | _aIntroduction (Page-1), Literature Review (Page-7), Architecture Overview (Page-15), Vulnerabilities Threatening Dual Persona Support (Page-32), Comparative Analysis (Page-51), Experimentations & Results Page-77), Android Security Model (Page-91). | ||
| 650 |
_aPG Thesis _935000 |
||
| 942 |
_2ddc _cTHE _k005.8,SID |
||
| 999 |
_c608147 _d608147 |
||